Central Library OPAC University of Rajshahi

How to write & publish a scientific paper / (Record no. 36647)

MARC details
000 -LEADER
fixed length control field 00818nam a2200265 a 4500
001 - CONTROL NUMBER
control field 36647
003 - CONTROL NUMBER IDENTIFIER
rucl marc code UkOxU
005 - DATE AND TIME OF LATEST TRANSACTION
control field 20211209052520.0
008 - FIXED-LENGTH DATA ELEMENTS--GENERAL INFORMATION
fixed length control field 140805s1996 enk b 001 0 eng d
020 ## - INTERNATIONAL STANDARD BOOK NUMBER
International Standard Book Number 0521551366
International Standard Book Number 0521558980 (pbk.)
International Standard Book Number 0521565413 (lowprice paperback)
035 ## - SYSTEM CONTROL NUMBER
System control number (BD-RjUL)36748
040 ## - CATALOGING SOURCE
Original cataloging agency BD-RjUL
Transcribing agency BD-RjUL
082 ## - DEWEY DECIMAL CLASSIFICATION NUMBER
Classification number 808.0665
Edition number 19
Author mark and year DAH 1996
100 1# - MAIN ENTRY--PERSONAL NAME
Personal name Day, Robert A.,
Dates associated with a name 1924-
9 (RLIN) 111733
245 10 - TITLE STATEMENT
Title How to write & publish a scientific paper /
Statement of responsibility, etc. Robert A. Day
250 ## - EDITION STATEMENT
Edition statement 4th ed
260 ## - PUBLICATION, DISTRIBUTION, ETC. (IMPRINT)
Place of publication, distribution, etc. Cambridge :
Name of publisher, distributor, etc. Cambridge University Press,
Date of publication, distribution, etc. 1996
300 ## - PHYSICAL DESCRIPTION
Pagination xiv, 223 p. :
Illustrations ill. ;
Size 23 cm
504 ## - BIBLIOGRAPHY, ETC. NOTE
Bibliography, etc Includes bibliography and index.
650 #0 - SUBJECT ADDED ENTRY--TOPICAL TERM
Topical term or geographic name as entry element Technical writing
9 (RLIN) 111734
942 ## - ADDED ENTRY ELEMENTS (KOHA)
Source of classification or shelving scheme Dewey Decimal Classification
Koha item type Books
Holdings
Lost status Source of classification or shelving scheme Damaged status Not for loan Permanent Location Current Location Shelving location Date acquired Cost, normal purchase price Total Checkouts Full call number Date last seen Copy number Koha item type
  Dewey Decimal Classification   Not For Loan Institute of Biological Sciences (IBSc) Library Institute of Biological Sciences (IBSc) Library   05/08/2014 220.00   808.0665 DAH 1996 05/08/2014 C-1 Books